00333nam a22001097a 4500082001500000100002200015245004400037260007500081300000900156700002300165700003500188 a664.52 WIJ aWjesekera, R.O.B. aCompendium on Spices of srilanka:Cumin/ aColombo:bCeylon Institute of Scientific & Industrial Research,c1975. a24p: aClodagh Nethsingha aPaskaranathan, Paskaranathan